000 00179nam a2200073Ia 4500
008 170620s9999 xx 000 0 und d
100 _aParhar
245 0 _aEDUCATION IN INDIA AFTER INDEPENDENCE
260 _bSHIPRA
999 _c26810
_d26810